00321nam a2200121 4500008004100000100001100041245007900052260000900131300001300140650002000153700001300173773001300186190822b ||||| |||| 00| 0 eng d aSunita aRole of self efficacy in job crafting and employee engagement relationship c2019 ap.32-41. aJob description aRajkamal aAbhigyan